000 00503nam a2200193 a 4500
001 20166
003 CO-ViMGA
008 141112s2004 ck r 000 u spa d
020 _a9802572136
040 _aCO-ViMGA
_bspa
_cCO-ViMGA
082 0 4 _aKOEo
100 1 _aKoechlin, Lionel
_93187
245 1 0 _aLos ojos de mamá
260 _aCaracas :
_bEdiciones Ekare,
_c1998
300 _a22 p.
590 _aForma de adquisición : Premio Mincultura
650 1 4 _aCUENTOS INFANTILES
_92743
942 _2ddc
_cBK
999 _c9788
_d9788